000 00628nam a2200229Ia 4500
001 5869
003 GE_BSU
008 181216s||||||||xx |||||||||||||| ||und||
040 _cGE_BSU
080 _a821.353.1-1
100 _aაკობია, შ.
245 _aდაბადების დღე
245 _bლექსები
245 _cრედ.მ.ხურცილავა
260 _aსოხუმი
260 _bალაშარა
260 _c1973
300 _a279გვ. 16სმ.
653 _aდაბადების დღე
653 _aლექსები
942 _cBK
999 _c39283
_d39283